Programa bindes artificiales (Registro nro. 16473)
[ vista simple ]
| 000 -CABECERA | |
|---|---|
| Campo de control | 007400000a22002290004500 |
| 041 0# - IDIOMA | |
| Código de idioma para texto/pista de sonido o título separado | |
| 090 ## - CLASIFICACIÓN LOCAL | |
| Colección | MM |
| Consecutivo | 00054 |
| 041 0# - IDIOMA | |
| Código de idioma para texto/pista de sonido o título separado | |
| 044 ## - PAÍS DE PUBLICACIÓN | |
| País de publicación | |
| 110 1# - ASIENTO PRINCIPAL--NOMBRE CORPORATIVO | |
| Nombre corporativo o de jurisdicción como elemento de entrada | Proyecto Titi |
| 245 10 - MENCION DE TITULO | |
| Título | Programa bindes artificiales |
| 260 ## - PUBLICACION, DISTRIBUCION, ETC. (PIE DE IMPRENTA) | |
| Lugar de publicación, distribución, etc. | s.l. |
| Nombre del editor, distribuidor, etc. | Proyecto Titi |
| Fecha de publicación, distribución, etc. | 1995 |
| 300 ## - DESCRIPCION FISICA | |
| Extensión | 35 min. |
| Otros detalles físicos | VHS |
| 650 14 - ASIENTO SECUNDARIO DE MATERIA - TERMINO TEMATICO | |
| Término temático o nombre geográfico como elemento de entrada | Tecnologías limpias |
| 650 14 - ASIENTO SECUNDARIO DE MATERIA - TERMINO TEMATICO | |
| Término temático o nombre geográfico como elemento de entrada | Fogones de leña |
| 650 14 - ASIENTO SECUNDARIO DE MATERIA - TERMINO TEMATICO | |
| Término temático o nombre geográfico como elemento de entrada | Usos tradicionales |
| 650 14 - ASIENTO SECUNDARIO DE MATERIA - TERMINO TEMATICO | |
| Término temático o nombre geográfico como elemento de entrada | Conservación de fauna |
| 651 #4 - ASIENTO SECUNDARIO DE MATERIA - NOMBRE GEOGRAFICO | |
| -- | Serranía de San Jacinto |
| -- | Bolivar, Sucre |
| -- | Colombia |
| 651 #4 - ASIENTO SECUNDARIO DE MATERIA - NOMBRE GEOGRAFICO | |
| -- | Reserva Forestal Montes de María |
| -- | Colosó |
| -- | Sucre |
| -- | Colombia |
| 653 ## - TERMINO DE INDIZACION - NO CONTROLADO | |
| -- | Callitrichinae |
| -- | Saguinus |
| -- | Saguinus oedipus |
| -- | titi cabeza blanca |
| 942 ## - ELEMENTOS ADICIONALES (KOHA) | |
| Tipo de ítem | CD-ROM |
| Withdrawn status | Lost status | Sistema de Clasificación | Damaged status | No para préstamo | Colección | Ubicación Permanente | Ubicación actual | Fecha de adquisición | Fuente de Valor | Total Checkouts | Número topográfico | Inventario / Código de Barras | Date last seen | Ejemplar | Price effective from | Forma de adquisición | Tipo de material |
|---|---|---|---|---|---|---|---|---|---|---|---|---|---|---|---|---|---|
| Local | Audiovisual | Bogotá | Bogotá | 09/02/2017 | Ochoa, Diego | AV-00054 | 014163 | 25/03/2015 | Ej. 1 | 25/03/2015 | Donación | VHS | |||||
| Audiovisual | Villa de Leyva | Villa de Leyva | 27/02/2015 | MM 00054 | AUTO_19855 | 25/03/2015 | 25/03/2015 | CD-ROM |